|
|
|
|
| LEADER |
00000nab a2200000 a 4500 |
| 001 |
vtls000821076 |
| 003 |
SK-MaSNL |
| 005 |
20260302163846.0 |
| 008 |
160322c2001 xo 0 slo |
| 015 |
|
|
|a SNBRB2003/01-00852
|
| 035 |
|
|
|a CLN000172731
|
| 040 |
|
|
|a SNKBUCL
|b slo
|c SNKBUCL
|e AACR2
|
| 041 |
0 |
|
|a slo
|
| 044 |
|
|
|a xo
|c SK
|
| 080 |
|
|
|a 78.071.1/.2:784.66
|2 UDC-MRF-SK2
|
| 080 |
|
|
|a 784.66
|2 UDC-MRF-SK2
|
| 080 |
|
|
|a 929 Žbirka, Miroslav
|2 UDC-MRF-SK2
|
| 100 |
0 |
|
|a (vach)
|4 aut
|9 844496
|
| 245 |
1 |
0 |
|a Bude nový album Mekyho Žbirku úspešný?
|c [autor] (vach)
|
| 300 |
|
|
|b Fotogr.
|
| 600 |
1 |
7 |
|a Žbirka, Miroslav,
|d 1952-2021
|2 snkbucl
|9 99952
|
| 655 |
|
7 |
|a články z novín a časopisov
|2 snkbucl
|9 267496
|
| 773 |
0 |
|
|x 1335-2776
|t Markíza
|g Roč. 4, č. 26 (2001), s. 54
|
| 850 |
|
|
|a Slovenská národná knižnica v Martine
|
| 852 |
|
|
|a SNK
|b KIS3GCP
|
| 958 |
|
|
|a SK
|
| 958 |
|
|
|a BX
|
| 958 |
|
|
|a RBX
|
| 999 |
|
|
|c 1384821
|d 1386751
|